| 000 | 00629nam a2200133Ia 4500 | ||
|---|---|---|---|
| 008 | 170516s9999 xx 000 0 und d | ||
| 245 | 4 | _aThe aims of this review are to (1) Briefly outline the historical studies which resulted in radiation being the current standard of care as used in the Stupp et al. trial (2) Discuss the evolving role of radiation therapy in the management of elderly pati | |
| 260 | _bJournal of Medical Radiation Sciences | ||
| 260 | _c2016 | ||
| 300 | _a63:2 | ||
| 650 | _xRadiologic Technology | ||
| 650 | _xRadtech | ||
| 856 | _uhttp://onlinelibrary.wiley.com/doi/10.1111/jmrs.2016.63.issue-2/issuetoc | ||
| 999 |
_c332874 _d332874 |
||